| 000 | 01499 a2200241 4500 | ||
|---|---|---|---|
| 001 | 240 | ||
| 005 | 20260407155416.0 | ||
| 008 | 260407a2006 arg spa d | ||
| 003 | AR-UNSa-BCEJYS | ||
| 040 |
_aAR-UNSa-BCEJYS _bspa _cAR-UNSa-BCEJYS |
||
| 080 |
_a339.7 _xFinanzas Internacionales |
||
| 245 | 1 | 0 | _aFinanzas internacionales |
| 020 | _a84-9732-510-9 | ||
| 264 | 1 |
_aMadrid : _bThomson _c2006 |
|
| 300 |
_axviii, 556 p. _c24 cm |
||
| 505 | _a1. El Sistema Monetario Internacional - 2. Teorías sobre la determinación del tipo de cambio - 3. El mercado de divisas al contado y a plazo - 4. El mercado internacional de créditos - 5. El mercado internacional de renta fija - 6. El mercado internacional de renta variable - 7. Gestión de carteras internacionales - 8. Mercados derivados no organizados (OTC) en divisas - 9. Mercados derivados organizados de divisas - 10. La inversión directa en el extranjero - 11. Alternativas de financiación en el comercio internacional - 12. Los riesgos en las finanzas internacionales - 13. La fiscalidad de las inversiones directas en el extranjero - 14. La fiscalidad de las inversiones de cartera en el extranjero y de las operaciones de comercio exterior | ||
| 041 | _aspa | ||
| 942 | _cBK | ||
| 590 | _aniveau_biblio:m niveau_hierar:0 | ||
| 100 | 1 | _aMarín, José Luis Martín | |
| 700 | 1 | _aTéllez Valle, Cecilia | |
| 856 | 4 | 1 |
_uhttps://biblioeco.unsa.edu.ar/pmb/images/libros/Finanzas internacionales2-l117568.jpg _yImagen de portada _qimage/jpeg |
| 999 |
_c155 _d155 |
||